00953nam a2200193 a 450000100100000000500170001000800410002702000150006804000250008324501960010826001090030430000380041350000730045170000370052470000430056170000330060495201050063799900170074200003751620200930080415.0120420s2005 sp 000 0 spa d a8400083989 aDO-SdBNPbspacBNPHU00aEstudios sobre el Barroco musical hispánico :ben torno a la figura del Dr. Miguel Querol /ccoordinación, Antonio Ezquerro Esteban, Luis Antonio González Marín, Marc Heilbron Ferrer. aBarcelona :bConsejo Superior de Investigaciones Científicas. Institución Milá i Fontanals,c2005. a198 p. :bil., música ;c27 cm. aIncluye referencias bibliográficas y notas al pie de las páginas1 aEzquerro Esteban, Antonio9639701 aGonzález Marín Luis Antonio9631221 aHeilbron Ferrer, Marc963971 001050718MOaGRbGRcCTd2012-04-20iLF1l0o p37516-10r2020-06-25w2020-06-25y1ZNo se presta c37006d37006